Jesus. (Record no. 106113)
[ view plain ]
| 000 -LEADER | |
|---|---|
| fixed length control field | 00342nam a2200145 a 4500 |
| 005 - DATE AND TIME OF LATEST TRANSACTION | |
| control field | 20140412111423.0 |
| 008 - FIXED-LENGTH DATA ELEMENTS--GENERAL INFORMATION | |
| fixed length control field | 080122s19uu xx 00 eng d |
| 020 ## - INTERNATIONAL STANDARD BOOK NUMBER | |
| International Standard Book Number | 1-59060-501-2 |
| 050 ## - LIBRARY OF CONGRESS CALL NUMBER | |
| Classification number | M 220.9 |
| Item number | J49 |
| 245 ## - TITLE STATEMENT | |
| Title | Jesus. |
| 260 ## - PUBLICATION, DISTRIBUTION, ETC. (IMPRINT) | |
| Name of publisher, distributor, etc | Playmore inc. |
| Place of publication, distribution, etc | China : |
| 440 ## - SERIES STATEMENT/ADDED ENTRY--TITLE | |
| Title | Bible pop-up |
| 650 ## - SUBJECT ADDED ENTRY--TOPICAL TERM | |
| Topical term or geographic name as entry element | Bible stories |
| Withdrawn status | Lost status | Damaged status | Home library | Current library | Shelving location | Date acquired | Source of acquisition | Total Checkouts | Full call number | Barcode | Date last seen | Price effective from | Koha item type |
|---|---|---|---|---|---|---|---|---|---|---|---|---|---|
| Elizalde Library | Elizalde Library | Main Section | 01/22/2008 | M 220.9 J49 | E11224 | 04/12/2014 | 04/12/2014 | Books |